|
|
|
|
| LEADER |
01162nam a22002777a 4500 |
| 001 |
33597 |
| 003 |
BD-DhAAL |
| 005 |
20180905105912.0 |
| 008 |
180830t2016 bg a|||| bs||f00| 0 eng d |
| 999 |
|
|
|c 39655
|d 39655
|
| 020 |
|
|
|a 9789845190794
|
| 040 |
|
|
|a BD-DhAAL
|
| 082 |
|
|
|2 20
|a 004
|
| 245 |
|
|
|a Report on private sector gross fixed capital formulation in computer software survey 2016 /
|c Bangladesh Bureau of Statistics (BBS), Statistics and Information Division(SID), Ministry of Planning
|
| 260 |
|
|
|a Dhaka :
|b Bangladesh Bureau of Statistics (BBS),
|c 2016
|
| 300 |
|
|
|a xxiii, 70 pages ;
|b illustrations :
|c 28 cm.
|
| 500 |
|
|
|a Chiefly statistical tables
|
| 504 |
|
|
|a includes bibliographical referances
|
| 526 |
|
|
|a AAL
|
| 541 |
|
|
|a Development Book Agency
|e 33597
|
| 650 |
|
|
|a Computers
|9 28048
|
| 650 |
|
|
|a Computer software
|9 28049
|
| 710 |
|
|
|a Bangladesh Bureau of Statistics (BBS)
|9 28036
|
| 852 |
|
|
|a Ayesha Abed Library
|c General Stacks
|
| 942 |
|
|
|2 ddc
|c BK
|
| 952 |
|
|
|0 0
|1 0
|2 ddc
|4 0
|6 004_000000000000000_REP
|7 0
|9 64020
|a BRACUL
|b BRACUL
|c GEN
|d 2018-07-23
|e Development Book Agency
|g 400.00
|l 0
|o 004 REP
|p 3010033597
|r 2018-07-23
|t 1
|v 400.00
|w 2018-07-23
|y BK
|